Регионална библиотека "Любен Каравелов" - Русе

Ало, такси! (Запис номер 160539)

MARC детайли
000 -Лидер
Контролно поле с фиксирана дължина 01036nam a2200301 c 4500
003 - Код на организацията, давaща контролен номер
Контролно поле BLK
005 - Дата и час на последна редакция
Контролно поле 20220427115855.0
008 - Елементи от данни с фиксирана дължина
fixed length control field 180410b bul|||||r ||||||| ||bul||
010 ## - Наследен системен номер
LC control number KNG00167761000
040 ## - Източник на каталожния запис
Идентификатор на билиотеката - собственик на записа BLK
041 ## - Код за език
Код за езика на текст/звукозапис или на отделно заглавие Български
Код за езика КДБФ Български
072 #7 - Код за тематичната категория
Код организация bullib
Код за тематична категория К
Текст Краезнание
080 ## - УДК
Текстов определител УДК Българска литература
УДК код - определител по УДК 821.163.2
УДК определител -4
УДК - код + определител 821.163.2-4
100 1# - Редна дума - Автор
Автор Недков, Любен
Авторска отговорност първи автор
R(LIN) 334909
139 ## - Редно поле
Редна дума Недков, Любен
Авторски знак Недк - Н 45
245 10 - Сведения за заглавието
Заглавие Ало, такси!
Подзаглавни данни Очерци
Редно поле (дума) Любен Недков.
257 ## - Страна на издаване
Страна на създаване/издаване България
260 ## - Област на издателските данни
Име на издателя, разпространителя и проч. Георги Бакалов
Година на издаване 1982
Печатница Варна : ДП "Стоян Добрев-Странджата"
Място на издаване, разпространение и проч. Варна
300 ## - Физическа характеристика
Страници 127 с.
Размери/Мащаб 20 см
380 ## - Жанр
Жанр Худож. лит.
500 ## - Общи забележки
Забележка 5 130 тир.
659 ## - Тематичен бюлетин
Тематичен бюлетин К
852 ## - Местоположение
Форматна сигнатура Цб 117111
Фондова буква Хранилище
852 ## - Местоположение
Форматна сигнатура К 821.163.2/Н 45 Л
856 4# - Електронен адрес и достъп
Електронен формат pdf - файл
856 4# - Електронен адрес и достъп
Електронен формат pdf - файл
999 ## - СИСТЕМНИ КОНТРОЛНИ НОМЕРА
Koha biblionumber 160539
Koha biblioitemnumber 160539
942 ## - АРТИКУЛИ
Вид на библиотечния материал Книги
Скрит в OPAC Не
Периодичен библиозапис Да
944 ## - СЪЗДАВАНЕ И РЕДАКЦИЯ на ЗАПИСА
Създаване/Редакция Създаване
Дата на регистрацията/редакция 27.11.2014
Статус, дата на статуса 27.11.2014 - от С1,Р / 27.11.2014
Служител, извършил регистрацията/редакцията Нора_Радева
944 ## - СЪЗДАВАНЕ И РЕДАКЦИЯ на ЗАПИСА
Създаване/Редакция Редакция
Дата на регистрацията/редакция 27.11.2014
Статус, дата на статуса 27.11.2014 - от С1,Р / 27.11.2014
944 ## - СЪЗДАВАНЕ И РЕДАКЦИЯ на ЗАПИСА
Създаване/Редакция Редакция
Дата на регистрацията/редакция 2022-04-27
999 ## - СИСТЕМНИ КОНТРОЛНИ НОМЕРА
Koha biblioitemnumber 160539
999 ## - СИСТЕМНИ КОНТРОЛНИ НОМЕРА
Koha biblioitemnumber 160539
999 ## - СИСТЕМНИ КОНТРОЛНИ НОМЕРА
Koha biblioitemnumber 160539
Наличности
Код за отписване Код за изгубен артикул Източник на класификационната схема Код за повреда Коз за рестрикции Код за отдаване Артикулен № Име на библиотеката - собственик Име на библиотеката, в която се намира в момента Статус (Текущо местоположение) Дата на вписване в системата Местоположение - отдел Цена в лева Инвентарен номер Систематично азбучна сигнатура Баркод Номер на екземпляра Цена в евро Служебна бележка Служебен тип на артикула
  Не е изгубен Universal Decimal Classification Не е повреден без рестрикции ползва се в читалня 268364 Регионална библиотека "Любен Каравелов" Русе Регионална библиотека "Любен Каравелов" Русе Хранилище 1982-01-01 Хранилище 0.65 361482 Цб 117111 120000361482 1 0.33 Дост: Dp Вид: Д Дата: 01.01.1982 Книги
  Не е изгубен Universal Decimal Classification Не е повреден без рестрикции ползва се в читалня 268365 Регионална библиотека "Любен Каравелов" Русе Регионална библиотека "Любен Каравелов" Русе Краезнание 1982-01-01 Краезнание 0.65 361539 К 821.163.2/Н 45 Л 120000361539 2 0.33 Вид: Сф Дата: 01.01.1982 Дата инв: 15.11.2017 Бележки инв: К2017 Книги
Изтеглен Не е изгубен Universal Decimal Classification Не е повреден без рестрикции заемане за дома 268366 Регионална библиотека "Любен Каравелов" Русе Регионална библиотека "Любен Каравелов" Русе Заемна - подръчен фонд 1982-01-01 Заемна - подръчен фонд 0.65 361538 П 886.7-4/Н 45 361538 3 0.33 Вид: Сф Дата: 01.01.1982 Книги
Изтеглен Не е изгубен Universal Decimal Classification Не е повреден без рестрикции заемане за дома 268367 Регионална библиотека "Любен Каравелов" Русе Регионална библиотека "Любен Каравелов" Русе Заемна - подръчен фонд 1982-01-01 Заемна - подръчен фонд 0.65 361536 П 886.7-4/Н 45 361536 4 0.33 Вид: Сф Дата: 01.01.1982 Книги
Изтеглен Не е изгубен Universal Decimal Classification Не е повреден без рестрикции заемане за дома 268368 Регионална библиотека "Любен Каравелов" Русе Регионална библиотека "Любен Каравелов" Русе Заемна - подръчен фонд 1982-01-01 Заемна - подръчен фонд 0.65 361534 П 886.7-4/Н 45 361534 5 0.33 Вид: Сф Дата: 01.01.1982 Книги
Vip Innovations Ltd, Rousse, Bulgaria 2025